000
00301nam a22001337a 4500
008
171013b xxu||||| |||| 00| 0 eng d
020
_a
9780971043893
041
_a
eng
080
_a
316
100
_a
51
101
_a
SOC
245
_a
STEL AMERICAN 2004 ELECTION
_c
BUSH.G.W
942
_2
udc
_c
BK
999
_c
33715
_d
33715